20 năm đổi mới cơ chế chính sách thương mại Việt Nam : những thành tựu và bài học kinh nghiệm : sách chuyên khảo

Uloženo v:
Podrobná bibliografie
Hlavní autor: Lê Danh Vĩnh, TS
Médium: Kniha
Vydáno: Nxb Thế giới 2006
Tagy: Přidat tag
Žádné tagy, Buďte první, kdo otaguje tento záznam!
Thư viện lưu trữ: Mạng thư viện Đại học Đà Nẵng
LEADER 00665nam a2200229 a 4500
001 000029864
003 26811
005 20171030145630.0
008 171030s2006
020 |c 48000 
040 |a LTT 
082 0 |a 381.31  |b LÊ-V 
100 1 |a Lê Danh Vĩnh, TS 
245 0 0 |a 20 năm đổi mới cơ chế chính sách thương mại Việt Nam : những thành tựu và bài học kinh nghiệm : sách chuyên khảo  |c Lê Danh Vĩnh. 
260 |b Nxb Thế giới  |c 2006 
OWN |a LTT 
999 |a From the UDN01 
TYP |a Monograph 
TYP |a Printed language 
980 |a Mạng thư viện Đại học Đà Nẵng